Países onde foram realizadas as COPs - Statistics

Estatísticas Gerais
  • Esse quiz foi jogado 38 vezes
    5 desde o último reset
  • A pontuação média é 21 de 29
Estatísticas das Respostas
COP Ano País % Correto
COP 1 1995 Alemanha
100%
COP 5 1999 Alemanha
100%
COP 23 2017 Alemanha
100%
COP 25 2019 Espanha
100%
COP 21 2015 França
100%
COP 9 2003 Italia
100%
COP 17 2011 África do Sul
80%
COP 29 2024 Azerbaijão
80%
COP 27 2022 Egito
80%
COP 8 2002 Índia
80%
COP 3 1997 Japão
80%
COP 7 2001 Marrocos
80%
COP 22 2016 Marrocos
80%
COP 16 2010 México
80%
COP 20 2014 Peru
80%
COP 2 1996 Suíça
80%
COP 4 1998 Argentina
60%
COP 10 2004 Argentina
60%
COP 11 2005 Canadá
60%
COP 15 2009 Dinamarca
60%
COP 14 2008 Polônia
60%
COP 19 2013 Polônia
60%
COP 24 2018 Polônia
60%
COP 26 2021 Reino Unido
60%
COP 18 2012 Catar
40%
COP 28 2023 Emirados Árabes Unidos
40%
COP 13 2007 Indonésia
40%
COP 6 2000 Países Baixos
40%
COP 12 2006 Quênia
20%
Nenhum quiz correspondente encontrado
Distribuição das Pontuações
Porcentagem de Pessoas com Cada Pontuação
Percentil de Números Respondidos
Sua Pontuação Histórica
Você não jogou esse quiz desde o último reset